<?xml version="1.0" encoding="UTF-8"?>
<record
    xmlns:xsi="http://www.w3.org/2001/XMLSchema-instance"
    xsi:schemaLocation="http://www.loc.gov/MARC21/slim http://www.loc.gov/standards/marcxml/schema/MARC21slim.xsd"
    xmlns="http://www.loc.gov/MARC21/slim">

  <leader>00468nam a22001217a 4500</leader>
  <controlfield tag="008">230609b        xxu||||| |||| 00| 0 eng d</controlfield>
  <datafield tag="082" ind1=" " ind2=" ">
    <subfield code="a">352.490</subfield>
    <subfield code="b">GOK</subfield>
  </datafield>
  <datafield tag="110" ind1=" " ind2=" ">
    <subfield code="b">Office of the vice president and ministry of finance</subfield>
  </datafield>
  <datafield tag="245" ind1=" " ind2=" ">
    <subfield code="a">Programme Review and Forward Budget 1991/92-1993/94</subfield>
    <subfield code="b">Recurrent Expenditure</subfield>
    <subfield code="c">Volume I (Votes R01-R16)</subfield>
    <subfield code="h">Office of the vice president and ministry of Finance</subfield>
  </datafield>
  <datafield tag="260" ind1=" " ind2=" ">
    <subfield code="a">Nairobi Kenya</subfield>
    <subfield code="b">GoK</subfield>
    <subfield code="c">February 1991</subfield>
  </datafield>
  <datafield tag="300" ind1=" " ind2=" ">
    <subfield code="a">698p</subfield>
  </datafield>
  <datafield tag="942" ind1=" " ind2=" ">
    <subfield code="2">ddc</subfield>
    <subfield code="c">BK</subfield>
  </datafield>
  <datafield tag="999" ind1=" " ind2=" ">
    <subfield code="c">879</subfield>
    <subfield code="d">879</subfield>
  </datafield>
  <datafield tag="952" ind1=" " ind2=" ">
    <subfield code="0">0</subfield>
    <subfield code="1">0</subfield>
    <subfield code="2">ddc</subfield>
    <subfield code="4">0</subfield>
    <subfield code="7">0</subfield>
    <subfield code="a">001</subfield>
    <subfield code="b">001</subfield>
    <subfield code="d">2023-06-09</subfield>
    <subfield code="l">0</subfield>
    <subfield code="o">352.490 GOK</subfield>
    <subfield code="p">10005819</subfield>
    <subfield code="r">2023-06-09</subfield>
    <subfield code="w">2023-06-09</subfield>
    <subfield code="y">BK</subfield>
  </datafield>
</record>
